Patios and Gardens of Mexico /
Plantea la autora que la belleza del paisaje y el clima caluroso del país explican que los espacios abiertos -patios y jardines- sean un elemento esencial en las casas mexicanas. El libro se asoma a las características, tipología y constitutivos de tales espacios.
Guardat en:
| Autor principal: | |
|---|---|
| Altres autors: | , |
| Format: | Llibre |
| Idioma: | anglès |
| Publicat: |
Nueva York, EUA :
Architectural Book Publishing,
1979, c1979
|
| Matèries: | |
| Etiquetes: |
Sense etiquetes, Sigues el primer a etiquetar aquest registre!
|
MARC
| LEADER | 00000nam^a2200000^a^4500 | ||
|---|---|---|---|
| 001 | 000186945 | ||
| 005 | 20250521000000.0 | ||
| 009 | 20260310102243.955 | ||
| 020 | |a 0-8038-0210-2 | ||
| 037 | |a Acervo ITESO - Biblioteca | ||
| 041 | |a ING | ||
| 082 | |a 712. 60972 |b OGO | ||
| 100 | |a O'Gorman, Patricia W. |e (autor) | ||
| 245 | 1 | 0 | |a Patios and Gardens of Mexico / |c P.W. O'Gorman ; pról. de H. O'Gorman ; fotografía de B. Schalkwijk. |
| 264 | 4 | |a Nueva York, EUA : |b Architectural Book Publishing, |c 1979, c1979 | |
| 300 | |a XV, 254 p. | ||
| 336 | |a texto |b txt |2 rdacontenido | ||
| 337 | |a sin mediación |b n |2 rdamedio | ||
| 338 | |a volumen |b nc |2 rdasoporte | ||
| 520 | |a Plantea la autora que la belleza del paisaje y el clima caluroso del país explican que los espacios abiertos -patios y jardines- sean un elemento esencial en las casas mexicanas. El libro se asoma a las características, tipología y constitutivos de tales espacios. | ||
| 649 | |a XX | ||
| 650 | |a Patios - |z México - |x Tema Principal | ||
| 650 | |a Jardines - |z México - |x Tema Principal | ||
| 650 | |a Residencias - |z México | ||
| 650 | |a Vivienda - |z México | ||
| 650 | |a Jardinería - |z México | ||
| 650 | |a Arquitectura del Paisaje - |z México - |x Tema Principal | ||
| 650 | |a Arquitectura Popular - |z México | ||
| 650 | |a Arquitectura Mexicana - |x Historia y Crítica | ||
| 650 | |a Arte Popular - |z México | ||
| 650 | |a Arte Mexicano - |x Historia y Crítica | ||
| 650 | |a México - |x Descripción | ||
| 700 | |a O'Gorman, Helen |e (prólogo) | ||
| 700 | |a Schalkwijk, Bob |e (fotógrafo) | ||
| 910 | |a Fondo General | ||
| 920 | |a Impresos - Libros | ||
| 930 | |a Reserva Especial | ||
| 905 | |a 103 | ||
| 901 | |a 0500128875 |b IT1 |c REE |u 20250521 | ||
| 902 | |a https://opac.biblio.iteso.mx/vufind/Record/000186945 | ||